Sports Quiz

Random Sports Quiz
Score 0/25 Timer 03:00
0 Plays Today
2006 Population State % Correct
781,919South Dakota
96%
635,867North Dakota
95.9%
1,321,574Maine
95.6%
1,314,895New Hampshire
93.3%
623,908Vermont
92.9%
944,632Montana
92.3%
4,321,249South Carolina
91.8%
1,285,498Hawaii
91.6%
1,954,599New Mexico
90.7%
670,053Alaska
90.7%
1,067,610Rhode Island
90.4%
4,599,030Alabama
90.1%
515,004Wyoming
90.1%
2006 Population State % Correct
1,466,465Idaho
90%
2,910,540Mississippi
89.8%
4,206,074Kentucky
88.9%
2,982,085Iowa
88.6%
2,810,872Arkansas
87.3%
853,476Delaware
86.7%
7,642,884Virginia
86.5%
1,768,331Nebraska
86.5%
1,818,470West Virginia
85.9%
3,504,809Connecticut
85.8%
2,495,529Nevada
85.5%
2,764,075Kansas
84.6%
Remove Ads.
Support Sporcle.
Get the best of Sporcle when you Go Orange. This ad-free experience offers more features, more stats, and more fun while also helping to support Sporcle. Thank you for becoming a member.

You're not logged in!

Compare scores with friends on all Sporcle quizzes.
OR
Log In

Show Comments

Extras

Created Oct 19, 2010ReportNominate

Top Quizzes Today


Score Distribution

Your Account Isn't Verified!

In order to create a playlist on Sporcle, you need to verify the email address you used during registration. Go to your Sporcle Settings to finish the process.

Report this User

Report this user for behavior that violates our Community Guidelines.

Details: